000 00732nam a2200229Ia 4500
003 OSt
005 20220718114054.0
008 210716s2002 xx 000 0 und d
020 _a8178085291
040 _cAIMIT LIBRARY
041 _aeng
082 _a519.2
_26
_bJOHR
100 _aJohnson, Richard A.
_950575
245 _aMiller and Freunds probability and statistics for engineers /
_cBy Richard A Johnson.
250 _a6th ed.
260 _aNew Delhi :
_bPearson Education ,
_c2002.
300 _axii,622p. ;
_c24 cm.
650 _aInferences concerning variances
_950576
650 _aSampling distribution
_950577
650 _aApplications to reliability and life testing
_950578
942 _2ddc
_cBK
_e6th
_k519.2 JOHR
999 _c185486
_d185486